It's a joke, Joyce - Statistics

General Stats
  • This quiz has been taken 13 times
  • The average score is 4 of 12
Answer Stats
Picture Answer % Correct
James Joyce
100%
Joyce Brothers
50%
Yootha Joyce
42%
Joyce Carol Oates
33%
Joyce Grenfell
33%
Alan Joyce
25%
Joyce Cary
25%
Joyce Chen
25%
Barnaby Joyce
17%
Joyce Hall
17%
Joyce van Patten
17%
Joyce Jacobs
8%
No matching quizzes found
Score Distribution
Percent of People with Each Score
Percentile by Number Answered
Your Score History
You have not taken this quiz